Hot Wheels - Statistics

General Stats
  • This quiz has been taken 9 times
  • The average score is 2 of 500
Answer Stats
Hint Answer % Correct
ford shelby cobra 427 s/c
100%
porsche 911
29%
dodge 70 charger r/t
14%
porsche 911 gt3 rs
14%
ferrari enzo
14%
gmc hummer ev
14%
transformers optimus prime
14%
hw ravenger s/t
14%
peanuts snoopy
14%
pontiac 06 gto
0%
mercedes-benz 08 clk 63 amg
0%
ford 08 focus
0%
chevorlet 10 camaro ss
0%
ford 10 mustang gt
0%
dodge 11 charger rt
0%
ferrari 12cilindri
0%
chevorlet 12 corvette z06
0%
dodge 13 srt viper
0%
hw 1/4 mile coupe
0%
dodge 15 challenger srt
0%
Dodge 15 charger srt
0%
land rover 15 defender double cab
0%
jaguar 15 f-type project 7
0%
mazda 15 mx-5 miata
0%
lamborghini 16 centenario roadster
0%
ford 17 f-150 raptor
0%
ford 17 gt
0%
audi 17 rs 6 avant
0%
chevorlet 18 camaro ss
0%
honda 18 civic type r
0%
lincoln 18 continental gt3
0%
ford 18 mustang gt
0%
ford 19 ranger raptor
0%
chevorlet 19 silverado trail boss lt
0%
toyota 2000gt
0%
bmw 2002
0%
Dodge 20 charger hellcat
0%
jeep 20 gladiator
0%
toyota 20 gr supra
0%
koenigsegg 20 jesko
0%
ford 20 mustang shelby gt500
0%
dodge 20 ram 1500 rebel
0%
ford 21 bronco
0%
czinger 21c
0%
ford 22 maverick custom
0%
nissan 23 z
0%
volvo 240 drift wagon
0%
datsun 240z
0%
ferrari 250
0%
Ferrari 250 lm
0%
mercedes-benz 300 sl
0%
nissan 300zx twin turbo
0%
ford 32
0%
ford 32 vicky
0%
ford 33 lo boy
0%
dodge 34 delivery
0%
ferrari 365 gtb4 competizione
0%
ford 40
0%
ford 40 coupe
0%
jeep 42 willys mb
0%
oldsmobile 442
0%
oldmobile 442 w-30
0%
chevorlet 47 fleetline
0%
volkswagen 49 beetle pickup
0%
mercedes-benz 49 drag merc
0%
ford 49 f1
0%
fiat 500e
0%
mercedes-benz 500 sel
0%
bmw 507
0%
hudson 52 hornet
0%
chevorlet 55 bel air
0%
chevorlet 55 bel air gasser
0%
chevorlet 55 corvette
0%
chevorlet 56 corvette
0%
ford 56 f-100 truck
0%
chevorlet 56 flashsider
0%
chevorlet 57 bel air
0%
cadillac 57 eldorado brougham
0%
jeep 57 fc
0%
chevorlet 58 impala
0%
chevorlet 59 impala
0%
hw 5 alarm
0%
datsun 620
0%
chevorlet 62 corvette
0%
chevorlet 62 pickup
0%
bmw 635 csi
0%
studebaker 63 champ
0%
chevorlet 63 corvette sting ray
0%
aston martin 63 db5
0%
chevorlet 63 nova
0%
Dodge 64 330
0%
Chevorlet 64 chevelle ss
0%
lincoln 64 continental
0%
chevorlet 64 corvette stringray
0%
chevorlet 64 impala
0%
buick 64 riviera
0%
pontiac 65 bonneville
0%
mercedes-benz 65 comet cyclone
0%
ford 65 galaxie
0%
ford 65 mustang convertible
0%
ford 65 mustang fastback 2+2
0%
vespa 66 90 ss super sprint
0%
dodge 66 a100
0%
batman 66 bat boat
0%
chevorlet 66 impala
0%
buick 66 riviera
0%
triumph 66 tiger 100
0%
morris 67 austin mini van
0%
ford 67 bronco
0%
chevorlet 67 c-10
0%
chevorlet 67 camaro
0%
chevorlet 67 camaro offroad
0%
dodge 67 charger
0%
Chevorlet 67 chevelle ss 396
0%
chevorlet 67 elcamino
0%
ford 67 gt40 mk4
0%
ford 67 mustang
0%
ford 67 mustang coupe
0%
lotus 67 type 49
0%
mazda 68 cosmo sport
0%
mercury 68 cougar
0%
Dodge 68 dart
0%
chevorlet 68 elcamino
0%
plymouth 68 hemi barracuda
0%
ford 68 mustang
0%
chevorlet 68 nova
0%
ford 68 shelby gt500
0%
chevorlet 69 camaro
0%
chevorlet 69 camaro z28 tooned
0%
dodge 69 charger 500
0%
dodge 69 charger daytona
0%
Chevorlet 69 chevelle
0%
chevorlet 69 copo camaro
0%
chevorlet 69 copo corvette
0%
dodge 69 coronet super bee
0%
chevorlet 69 corvette racer
0%
mercury 69 cougar eliminator
0%
mercury 69 cyclone
0%
ford 69 mustang boss 302
0%
ford 69 shelby gt500
0%
ford 69 torino Talladega
0%
volkswagen 70 baja bug
0%
plymouth 70 barracuda
0%
Chevorlet 70 chevelle
0%
Chevorlet 70 Chevelle ss
0%
Chevorlet 70 Chevelle ss Wagon
0%
ford 70 custom torino
0%
ford 70 escort
0%
pontiac 70 firebird
0%
buick 70 gsx
0%
pontiac 70 gto judge
0%
dodge 70 hemi challenger
0%
ford 70 mustang mach 1
0%
dodge 70 power wagon
0%
plymouth 70 roadrunner
0%
plymouth 70 superbird
0%
datsun 71 510 bluebird wagon
0%
porsche 71 911
0%
datsun 71 bluebird 510
0%
dodge 71 challenger
0%
dodge 71 charger
0%
Dodge 71 demon
0%
chevorlet 71 el camino
0%
chevorlet 71 elcamino
0%
plymouth 71 gtx
0%
plymouth 71 hemi cuda
0%
ford 71 maverick grabber
0%
lamborghini 71 miura sv
0%
ford 71 mustang funny car
0%
ford 71 mustang mach 1
0%
buick 71 riviera
0%
plymouth 71 roadrunner
0%
ford 72 gran torino
0%
ford 72 ranchero
0%
chevorlet 72 stingray convertible
0%
honda 73 civic custom
0%
plymouth 73 duster
0%
ford 73 falcon xb
0%
pontiac 73 firebird
0%
jeep 73 j10
0%
dodge 74 brazilian charger
0%
chevorlet 75 blazer custom
0%
chevorlet 76 chevette
0%
chevorlet 76 greenwood corvette
0%
mazda 787b
0%
dodge 78 lil red express
0%
dodge 79 ram van
0%
mercedes-benz 80 500 slc rallye
0%
chevorlet 80 elcamino
0%
chevorlet 80s corvette
0%
cadillac 82 seville
0%
nissan 82 skyline r30
0%
porsche 83 928s
0%
chevorlet 83 silverado
0%
pontiac 84 firebird
0%
ford 84 mustang svo
0%
audi 84 sport quattro
0%
volvo 850 estate
0%
chevorlet 85 camaro IROC-Z
0%
honda 85 city turbo 2
0%
honda 85 cr-x
0%
chevorlet 86 monte carlo ss
0%
ford 86 thunderbird pro stock
0%
toyota 86 van
0%
chevorlet 87 caprice
0%
dodge 87 d100
0%
toyota 87 pickup truck
0%
buick 87 regal gnx
0%
ford 87 sierra cosworth
0%
honda 88 cr-x
0%
jeep 88 wagoneer
0%
mercedes-benz 89 560 sec amg
0%
porsche 89 944 turbo
0%
mazda 89 savana rx-7
0%
porsche 904 carrera gts
0%
porsche 906 carrera 6
0%
honda 90 civic ef
0%
porsche 911 carrera t
0%
Porsche 911 rallye
0%
porsche 911 targa
0%
porsche 911 turbo cabriolet
0%
porsche 918 spyder
0%
gmc 91 cyclone
0%
mazda 91 mx5 miata
0%
porsche 928s safari
0%
honda 92 civic eg
0%
ford 92 mustang
0%
dodge 92 viper rt/10
0%
porsche 935
0%
audi 94 avant rs2
0%
bugatti 94 eb110 ss
0%
toyota 94 supra
0%
porsche 959
0%
mazda 95 rx-7
0%
mazda 95 rx-7 drift
0%
porsche 96 carrera
0%
dodge 96 viper
0%
toyota 98 altezza
0%
honda 98 prelude
0%
ford 99 f-150 svt lightning
0%
ford action comics sedan
0%
lucid air
0%
mazda autozam
0%
pontiac aztek custom
0%
hw backdrafter
0%
dmc back to the future 1955
0%
dmc back to the future time machine
0%
dmc back to the future time machine hover mode
0%
volkswagen baja bug
0%
barbie barbie dream camper
0%
batman batcopter
0%
batman batman batmobile
0%
batman batman forever batmobile
0%
batman batmobile
0%
volkswagen beetle
0%
chevorlet big air bel air
0%
bugatti bolide
0%
hw bone shaker
0%
hw bounce n bass
0%
chevorlet camaro convertible concept
0%
honda cb750 cafe
0%
dodge challenger concept
0%
toyota chaser jzx100
0%
honda civic custom
0%
range rover classic
0%
volkswagen classic beetle
0%
ford classic cobra
0%
chevorlet classic nomad
0%
shelby cobra daytona
0%
hw cool one
0%
lotus cortina
0%
chevorlet corvette c7.r
0%
chevorlet corvette grand sport
0%
chevorlet corvette grand sport roadster
0%
chevorlet corvette stingray
0%
lamborghini countach
0%
briggs Cunningham c4r
0%
honda custom 20 e
0%
datsun custom 240z
0%
jeep custom 41 willys coupe
0%
chevorlet custom 53
0%
Oldsmobile custom 66 toronado
0%
pontiac custom 67 firebird
0%
chevorlet custom 68 camaro
0%
chevorlet custom 69 pickup
0%
chevorlet custom 71 elcamino
0%
chevorlet custom 72 luv
0%
dodge custom 77 van
0%
ford custom maverick
0%
tesla cyberquad
0%
aston martin db4gt high speed edition
0%
marvel deadpool scooter
0%
land rover defender 110 hardtop
0%
land rover defender 90
0%
dmc delorean
0%
lancia delta integrale
0%
volkswagen deluxe station wagon
0%
dodge deora
0%
dodge deora 2
0%
dodge deora 3
0%
ducatti desertx
0%
disney disney steamboat
0%
volkswagen drag beetle
0%
hw dragtor
0%
morris drift box
0%
land rover drift ender
0%
hw electro silhouette
0%
cadillac elmiraj
0%
hw el segundo coupe
0%
hw el segundo rallye
0%
cupra e racer
0%
hw erikenstein rod
0%
ford escort
0%
ford escort rs2000
0%
renault espace f1
0%
kia ev6
0%
mclaren F1
0%
ford f-150
0%
ferrari f40 competizione
0%
ferrari f50
0%
nissan fairlady 2000
0%
hw fast felon
0%
hw fast fish
0%
hw fire eater
0%
cadillac fleetwood
0%
mclaren formula 1 team
0%
ford frontrunnin fairmont
0%
alfa romeo giulia sprint gta
0%
alfa romeo giulia ti super
0%
hw glory chaser
0%
volkswagen golf mk2
0%
volkswagen golf mk7
0%
chevorlet gone mad
0%
toyota gr86 cup
0%
jeep grand cherokee trackhawk
0%
amc gremlin grinder
0%
despicable me grumobile
0%
ford gt40
0%
ford gt-90
0%
hw gt scorcher
0%
alfa romeo gtv6 3.0
0%
hw h2go
0%
hummer h3
0%
mercury hirohata merc
0%
hw hollowback
0%
pontiac hot bird
0%
hw hoto roto
0%
lamborghini huracan sterrato
0%
fast and furious ice charger
0%
volkswagen ID buzz
0%
volkswagen ID buzz bomb
0%
bmw k 1300 r
0%
volkswagen kafer racer
0%
plymouth king kuda
0%
knight rider kitt concept
0%
volkswagen kool kombi
0%
hw la liebre
0%
toyota land cruiser
0%
toyota land cruiser 80
0%
lamborghini LB works huracan
0%
nissan leaf nismo rc_02
0%
morris lil roar
0%
w motors lykan hypersport
0%
bmw m1 procar
0%
bmw m3 wagon
0%
hw mad manga
0%
meyers manx
0%
ford matt and debbie hays 88 pro stock thunderbird
0%
hw mattel dream mobile
0%
nissan maxima drift car
0%
maserati MC20
0%
minecraft minecart
0%
morris mini
0%
morris mini cooper s
0%
jaguar mk1
0%
ford model a custom 31
0%
tesla model s plaid
0%
hw mod rod
0%
barbie monster high ghoul mobile
0%
chevorlet monte carlo concept car
0%
hw mo-stash
0%
honda motocompo
0%
gmc motorhome
0%
hw muscle and blown
0%
ford mustang cobra
0%
ford mustang dark horse
0%
ford mustang gtd
0%
ford mustang mach-e 1400
0%
ford mustang nhra funny car
0%
dumb and dumber mutt cutts van
0%
mazda mx-5 miata
0%
scooby doo mystery machine
0%
mclaren P1
0%
volvo p1800 gasser
0%
porsche p-911
0%
chrysler pacifica
0%
Mitsubishi pajero evolution
0%
ford pass n gasser
0%
monopoly pass n go
0%
nissan patrol custom
0%
ford performance supervan 4
0%
hw poppa wheelie
0%
toyota prius custom
0%
cadillac project gtp hypercar
0%
mercury purple passion
0%
dodge ram 1500
0%
hw rd-02
0%
mazda repu
0%
hw rip rod
0%
austin-healy | tesla roadster
0%
dodge rodger dodger
0%
ford rs2000
0%
audi rs e-tron gt
0%
mazda rx-3
0%
mazda rx-7
0%
honda s800 racing
0%
proton saga
0%
hw scorcher
0%
Ducati | jeep scrambler
0%
land rover series 2
0%
land rover series 3 pickup
0%
ferrari sf90 stradale
0%
Maserati shamal
0%
ford shelby gt350 r
0%
chevorlet silverado ev rst
0%
nissan silvia s13
0%
hw sir ominous
0%
hw skull shaker
0%
nissan skyline 2000 gt-r
0%
nissan skyline 2000gt-r lbwk
0%
nissan skyline gtr r32
0%
nissan skyline gtr r33
0%
nissan skyline gtr r34
0%
hw sling shot
0%
hw solar reflex
0%
mclaren solus gt
0%
volkswagen sp2
0%
mclaren speedtail
0%
mcmurtry speirling
0%
hw spine buster
0%
chevorlet split window 63
0%
lotus sport elise
0%
mario standard kart
0%
studebaker stutz blackhawk
0%
morgan super 3
0%
hw supercharged
0%
honda super cub
0%
honda super cub custom
0%
ford super de luxe
0%
chevorlet super volt
0%
ford swoop coupe
0%
gordon murray automotive t.33
0%
volkswagen t3 custom
0%
gordon murray automotive t.50s
0%
ford tail dragger
0%
porsche taycan turbo s
0%
ford t-bucket
0%
hw the govner
0%
the jetsons the jetsons
0%
nash the nash
0%
ford thunderbolt
0%
maserati tipo 61
0%
chevorlet toond 83 silverado
0%
triumph tr6
0%
hw track dwagon
0%
ford transit supervan
0%
polestar trx
0%
ford turbo mustang
0%
batman tv series batmobile
0%
hw twin mill
0%
hako type d
0%
lamborghini urus
0%
star trek u.s.s. enterprise ncc-1701
0%
pagani utopia
0%
aston martin v12 speedster
0%
dodge van
0%
range rover velar
0%
bugatti veyron
0%
honda vfr750r
0%
dodge viper gts-r
0%
dodge viper rt/10
0%
Dodge viper srt10 acr
0%
mclaren w1
0%
halo warthog
0%
hw wheelie chair
0%
subaru wrx sti
0%
star wars x-34 landspeeder
0%
jaguar xjc v12 coupe
0%
jaguar xjs
0%
the beatles yellow submarine
0%
pagani zonda cinque
0%
pagani zonda r
0%
No matching quizzes found
Score Distribution
Percent of People with Each Score
Percentile by Number Answered
Your Score History
You have not taken this quiz